banner-ar

دنشواى / (Record no. 59933)

MARC details
000 -الفاتح
حقل البيانات ثابتة الطول 01010nam a22002657a 4500
005 - وقت وتاريخ اخر تعامل مع التسجيلة
رقم الضبط 20240530110344.0
008 - عناصر البيانات ثابتة الطول - معلومات عامة
حقل البيانات ثابتة الطول 141125s2006 ua bo fr 000 0 ara d
017 ## - رقم الايداع القانونى
رقم الايداع القانونى 11489/2006
المصدر ( الهيئة المختصة) مصر . دار الكتب المصرية
020 ## - الرقم الدولى المعيارى للكتب
الرقم الدولى المعيارى للكتاب 9771804480
040 ## - مصدر الفهرسة
وكالة الفهرسة الأصلية EG-CaGPL
041 0# - رمز اللغة
رمز لغة النص/ المسارات الصوتية أو العنوان الانفرادي ara
082 04 - رقم تصنيف ديوى العشرى
رقم الطبعة 21
رقم التصنيف 962.155\
رقم المادة ق/م د
100 0# - المدخل الرئيسى - إسم شخصى
الإسم الشخصى محمد جمال الدين على المسدى
245 10 - بيان العنوان
العنوان دنشواى /
بيان المسئوليه,etc محمد جمال الدين على المسدى
246 ## - العنوان الموازى
عنوان صحيح/عنوان مختصر Dinshaway
250 ## - بيان الطبعة
بيان الطبعة ط 2
260 ## - PUBLICATION, DISTRIBUTION, ETC. (IMPRINT)
تاريخ النشر أو التوزيع 2006
300 ## - الوصف المادى
التعداد 240 ص :
تفاصيل ماديه اخرى للوعاء ايض ؛
أبعاد الوعاء 24 سم
504 ## - تبصرة ببليوجرافية
تبصرة ببليوجرافية,الخ ببليوجرافية : ص 133 - 141
651 04 - المدخل الاضافى بالموضوع - اسم جغرافى
الاسم الجغرافي دنشواى ( مصر )
التقسيم الفرعي العام تاريخ
التقسيم الفرعي الزمني الاحتلال البريطانى 1882 - 1936
651 04 - المدخل الاضافى بالموضوع - اسم جغرافى
الاسم الجغرافي الثورات
التقسيم الفرعي الجغرافي مصر
942 ## - عناصر المدخل الإضافي( كوها)
مصدر التصنيف او مخطط الترفيف Dewey Decimal Classification
Koha [default] item type كتاب
260 ## - PUBLICATION, DISTRIBUTION, ETC. (IMPRINT)
-- القاهرة :
-- دار الكتب والوثائق القومية ،
546 ## - تبصرة اللغة
تبصرة اللغة النص بالعربية و الملخصات بالانجليزية
Holdings
حالة التراجع حالة الفقد حالة تلف ليس للاعارة المكان المؤقت الموقع الحالى تاريخ الاكتساب اجمالي اﻻعارات رقم الطلب الباركود تاريخ اخر مشاهدة تاريخ تفعيل السعر نوع وعاء كوها
        مكتبة القاهرة الكبرى مكتبة القاهرة الكبرى 11/25/2014   962.155\ ق/م د 158898 11/25/2014 11/25/2014 كتاب

Powered By

EGPV